ՀՀ Գիտությունների ազգային ակադեմիայի հիմնարար գիտական գրադարան  =   Fundamental Scientific Library of NAS RA

Աղօթարան / (Record no. 426490)

MARC details
000 -LEADER
fixed length control field 00894nam a2200229 a 4500
003 - CONTROL NUMBER IDENTIFIER
control field AM-YeHGA
005 - DATE AND TIME OF LATEST TRANSACTION
control field 20250618075047.0
008 - FIXED-LENGTH DATA ELEMENTS--GENERAL INFORMATION
fixed length control field 170606s2017 ai |||||||||||||||0|arm|d
020 ## - INTERNATIONAL STANDARD BOOK NUMBER
International Standard Book Number 9785540024402
040 ## - CATALOGING SOURCE
Original cataloging agency AM-YeHGA
041 0# - LANGUAGE CODE
Language code of text/sound track or separate title arm
090 ## - LOCALLY ASSIGNED LC-TYPE CALL NUMBER (OCLC); LOCAL CALL NUMBER (RLIN)
-- 428968
100 1# - MAIN ENTRY--PERSONAL NAME
Personal name Համաստեղ,
Fuller form of name (Կելենյան Համբարձում Հովհաննեսի),
Dates associated with a name 1895-1966
9 (RLIN) 3439
245 10 - TITLE STATEMENT
Title Աղօթարան /
Statement of responsibility, etc. Համաստեղ ; Հրատարակութեան պատրաստեցին՝ Գ. Եազըճեան, Մ. Խաչատրեան.
260 ## - PUBLICATION, DISTRIBUTION, ETC.
Place of publication, distribution, etc. Երեւան :
Name of publisher, distributor, etc. Հայաստան,
Date of publication, distribution, etc. 2017.
300 ## - PHYSICAL DESCRIPTION
Extent 72 էջ ;
Dimensions 17 սմ.
504 ## - BIBLIOGRAPHY, ETC. NOTE
Bibliography, etc. note Բառարան` էջ 65:
650 14 - SUBJECT ADDED ENTRY--TOPICAL TERM
Topical term or geographic name entry element Արևմտահայ արձակ
700 1# - ADDED ENTRY--PERSONAL NAME
Personal name Յազըճյան, Գևորգ Գրիգորի,
Dates associated with a name 1961-
Relator term կազմ․
Relationship com
9 (RLIN) 4068
700 1# - ADDED ENTRY--PERSONAL NAME
Personal name Խաչատրեան, Մարգարիտ
Relator term կազմ․
Relationship com
942 ## - ADDED ENTRY ELEMENTS (KOHA)
Source of classification or shelving scheme Universal Decimal Classification
Koha item type Գրքեր / Books
Holdings
Withdrawn status Lost status Source of classification or shelving scheme Damaged status Not for loan Collection Home library Current library Date acquired Total checkouts Full call number Barcode Date last seen Price effective from Koha item type Public note
    Universal Decimal Classification     General Fundamental Scientific Library Fundamental Scientific Library 26/02/2019   AI/21383 FL0555421 26/02/2019 26/02/2019 Գրքեր / Books 30 Days Loan
    Universal Decimal Classification     General Fundamental Scientific Library Fundamental Scientific Library 26/02/2019   AI/21384 FL0555422 26/02/2019 26/02/2019 Գրքեր / Books 30 Days Loan
    Universal Decimal Classification     General Fundamental Scientific Library Fundamental Scientific Library 26/02/2019   AI/21385 FL0555423 26/02/2019 26/02/2019 Գրքեր / Books 30 Days Loan
    Universal Decimal Classification     General Fundamental Scientific Library Fundamental Scientific Library 26/02/2019   AI/21386 FL0555424 26/02/2019 26/02/2019 Գրքեր / Books 30 Days Loan
    Universal Decimal Classification     General Fundamental Scientific Library Fundamental Scientific Library 26/02/2019   AI/21387 FL0555425 26/02/2019 26/02/2019 Գրքեր / Books 30 Days Loan
    Universal Decimal Classification     General Fundamental Scientific Library Fundamental Scientific Library 10/10/2022   AI/21593 FL0675244 10/10/2022 10/10/2022 Գրքեր / Books  


ՀՀ ԳԱԱ հիմնարար գիտական գրադարան
ՀՀ,Երևան 0019
Մարշալ Բաղրամյան 24/6
հեռախոս:(374-10) 52-47-50
Հետադարձ կապ

All site content, except where otherwise noted, is licensed under a
Creative Commons License